000
00301nam a22001337a 4500
008
170728b xxu||||| |||| 00| 0 eng d
020
_a
9780201353945
041
_a
eng
080
_a
004
100
_a
31
101
_a
SHK
245
_a
NON-DESIGNER'S SCAN AND PRINT BOOK
_c
COHEN,S
942
_2
udc
_c
BK
999
_c
22123
_d
22123